Central Library OPAC University of Rajshahi

The money-spider/ (Record no. 82837)

MARC details
000 -LEADER
fixed length control field 00512nam a22001931 4500
001 - CONTROL NUMBER
control field 82837
003 - CONTROL NUMBER IDENTIFIER
rucl marc code BD-RjUL
005 - DATE AND TIME OF LATEST TRANSACTION
control field 20240129114529.0
008 - FIXED-LENGTH DATA ELEMENTS--GENERAL INFORMATION
fixed length control field 810901s1911 mau 000 1 eng
035 ## - SYSTEM CONTROL NUMBER
System control number (BD-RjUL)82837
040 ## - CATALOGING SOURCE
Original cataloging agency DLC
Transcribing agency NcU
Modifying agency DLC
Language of cataloging eng
041 ## - LANGUAGE CODE
Language code of text/sound track or separate title eng
082 ## - DEWEY DECIMAL CLASSIFICATION NUMBER
Classification number 823
Author mark and year LEM 1911
100 1# - MAIN ENTRY--PERSONAL NAME
Personal name Le Queux, William,
Dates associated with a name 1864-1927.
9 (RLIN) 11221
245 14 - TITLE STATEMENT
Title The money-spider/
Statement of responsibility, etc. by William Le Queux.
260 ## - PUBLICATION, DISTRIBUTION, ETC. (IMPRINT)
Place of publication, distribution, etc. Boston,
Name of publisher, distributor, etc. R. G. Badger
Date of publication, distribution, etc. [c1911]
300 ## - PHYSICAL DESCRIPTION
Pagination 4 p. l., 360 p.
Size 20 cm.
942 ## - ADDED ENTRY ELEMENTS (KOHA)
Source of classification or shelving scheme Dewey Decimal Classification
Koha item type Books
Holdings
Lost status Source of classification or shelving scheme Damaged status Not for loan Collection code Permanent Location Current Location Shelving location Date acquired Total Checkouts Full call number Date last seen Copy number Koha item type
  Dewey Decimal Classification   Not For Loan Fiction Central Library, University of Rajshahi Central Library, University of Rajshahi Reading Room 29/01/2024   823 LEM 1911 29/01/2024 C-1 Books